• 首页
  • 本馆介绍
  • 公告通知
  • 最新文献
  • 馆藏检索
  • 电子资源
  • 读者导购
  • 参考咨询
  • 我的图书馆
  • 登录
  • 详细信息显示
  • 放入我的书架
  • 预约/预借图书
  • 作者相关作品
  • 分类相关作品
  • 丛书相关作品
  • 出版社相关作品

书目信息

  • 表格格式
  • 工作单格式
  • 卡片格式
题名:
清史讲义
    
 
作者: 孟森 著
分册:  
出版信息: 北京   北京联合出版公司  2014
页数: 422页
开本: 24cm
丛书名: 民国大师文库
单 册:
中图分类: K249.07
科图分类:
主题词: 清代--历史--研究
电子资源:
ISBN: 978-7-5502-2144-4
000 00860nam0 2200277 450
001 351477
005 20161017160848.59
010    @a978-7-5502-2144-4@dCNY46.00
100    @a20140312d2014 em y0chiy50 ea
101 0  @achi
102    @aCN@b110000
105    @ay z 000yy
106    @ar
200 1  @a清史讲义@f孟森著
210    @a北京@c北京联合出版公司@d2014
215    @a422页@d24cm
225 2  @a民国大师文库@h第一辑
312    @a版权页题:孟森清史讲义
330    @a本书分为“总论”、“各论”两编,具体内容包括:清史在史学上之位置、清史体例、清代种族及世系、开国、巩固国基、全盛、嘉道守文、咸同之转危为安等。
461  0 @12001 @a民国大师文库@h第一辑
517 1  @a孟森清史讲义
606 0  @a清代@x历史@x研究
690    @aK249.07@v5
701  0 @a孟森@f(1869~1937)@4著
801  0 @aCN@bTANGWEI@c20160820
905    @b0894875-9@dK249.07@e101@f5
    
    清史讲义/孟森著.-北京:北京联合出版公司,2014
    422页;24cm.-(民国大师文库.第一辑)
    
    
    ISBN 978-7-5502-2144-4:CNY46.00
    本书分为“总论”、“各论”两编,具体内容包括:清史在史学上之位置、清史体例、清代种族及世系、开国、巩固国基、全盛、嘉道守文、咸同之转危为安等。
●
相关链接 在E读中查询图书 在五车中查询图书 在当当中查询图书 在豆瓣中查询图书


正题名:清史讲义     索取号:K249.07/101         预约/预借

序号 登录号 条形码 馆藏地/架位号 状态 备注
1 0894875   208948754   第二样本阅览室/ [索取号:K249.07/101] 在馆    
2 0894876   208948763   第二借阅区/ [索取号:K249.07/101] 在馆    
3 0894877   208948772   第二借阅区/ [索取号:K249.07/101] 在馆    
4 0894878   208948781   密集书库-史法系/ [索取号:K249.07/101] 在馆    
5 0894879   208948790   第二借阅区/ [索取号:K249.07/101] 在馆    
唐山师范学院图书馆 欢迎您!
大连网信软件有限公司© 版权所有